000 00795cam a2200205 4500
001 WB3707-13
008 000000n2001 000 0 eng u
035 _a(Sirsi) u110956
245 _aOffice market slowdown
260 _c2001
490 _aBuilding
_v246(8168) 9 February 2001, 18(1)
520 _aA report, "Construction Outlook", by economic forecaster Hewes & Associates, predicts that demand for offices and factories will slump in the next 3 years in line with a slowdown in economic growth. The report also questions housebuilders' confidence in their market.
590 _aWB
650 _aECONOMIC EFFECTS
650 _aCOMMERCIAL OUTPUT
650 _aINDUSTRIAL OUTPUT
650 _aCONSTRUCTION INDUSTRY
690 _aBUILT ENVIRONMENT-CONSTRUCTION MARKET
942 _n0
999 _c66134
_d66134